00429nam a2200145Ia 4500003000400000005001700004008004100021020001800062040000900080082002400089100002600113245008900139260004600228300000900274OSt20200615103236.0190216s9999||||xx |||||||||||||| ||und|| a9788187358268 coclc a305.42095483bMUK/E aMukhopadhyay, Swapna  4aThe Enigma Of The Kerala Woman:bA Failed Promise Of Literacy /cSwapna Mukhopadhyay bSocial Science Press,c2008.a New Delhi: a189p